000 00479nam a2200181Ia 4500
001 18528
005 20260306171637.0
008 260306s9999||||xx |||||||||||||| ||und||
041 _aESP
082 _a658.4063
_bK38
100 _aKelley, Tom
_eAUT
245 4 _aThe art of innovation:
_blessons in creativity from IDEO, America´s leading design firm
260 _c2001
300 _a307 páginas :
_c24 cm.
650 _aGEN
654 _aCAN
942 _cLIB
_dJUS
_fJUS
_2ddc
_n
999 _c18528
_d18528